Las sectas pseudorreligiosas
Salvato in:
| Autore principale: | |
|---|---|
| Natura: | Libro |
| Lingua: | spagnolo |
| Pubblicazione: |
Madrid
Ministerio de Justicia
1991
|
| Soggetti: | |
| Tags: |
Aggiungi Tag
Nessun Tag, puoi essere il primo ad aggiungerne!!
|
MARC
| LEADER | 00000nam a2200000 a 4500 | ||
|---|---|---|---|
| 001 | UCM3198 | ||
| 003 | CL-VaPUC | ||
| 008 | 020628e19910000SP |||||||||||||||||spa|d | ||
| 082 | 0 | 4 | |a 291.9 |b JOR |2 21 |
| 100 | |a Jordán Villacampa, María Luisa |e author |9 470009 | ||
| 245 | 1 | 4 | |a Las sectas pseudorreligiosas |
| 300 | |a 142 p | ||
| 942 | |c BK | ||
| 945 | |d 20020628 00:00:00 |a cmena | ||
| 260 | |a Madrid |b Ministerio de Justicia |c 1991 | ||
| 650 | 0 | |a Sectas |9 320072 | |
| 650 | 0 | |a Comunidades religiosas |9 315330 | |
| 650 | 0 | |a Problemas psicológicos |9 470010 | |
| 650 | 0 | |a Jurisprudencia |9 255952 | |
| 583 | |a last modification |c 20020628 00:00:00 |k Rodrigo Vera | ||
| 999 | |c 300685 |d 300683 | ||
| 952 | |0 0 |1 0 |4 0 |6 291_900000000000000_JOR_1991 |7 0 |8 A |9 358863 |a BIBDER |b BIBDER |d 2019-11-21 |i 3822494 |o 291.9 JOR 1991 |p 3822494 |r 2023-01-25 |w 2019-11-21 |y BK |k DER | ||